<?xml version="1.0" encoding="UTF-8"?>
<record
    xmlns:xsi="http://www.w3.org/2001/XMLSchema-instance"
    xsi:schemaLocation="http://www.loc.gov/MARC21/slim http://www.loc.gov/standards/marcxml/schema/MARC21slim.xsd"
    xmlns="http://www.loc.gov/MARC21/slim">

  <leader>02682nam a22003617a 4500</leader>
  <controlfield tag="003">CHAP</controlfield>
  <controlfield tag="005">20251127112631.0</controlfield>
  <controlfield tag="008">971013s1987            r     00010     d</controlfield>
  <datafield tag="010" ind1=" " ind2=" ">
    <subfield code="a">69309</subfield>
  </datafield>
  <datafield tag="011" ind1=" " ind2=" ">
    <subfield code="a">70281</subfield>
  </datafield>
  <datafield tag="035" ind1=" " ind2=" ">
    <subfield code="a">79762</subfield>
  </datafield>
  <datafield tag="040" ind1=" " ind2=" ">
    <subfield code="c">CHAP</subfield>
  </datafield>
  <datafield tag="090" ind1=" " ind2=" ">
    <subfield code="a">Tesis</subfield>
  </datafield>
  <datafield tag="100" ind1="0" ind2="0">
    <subfield code="a">Lorenzo Rodr&#xED;guez, Eliseo.</subfield>
  </datafield>
  <datafield tag="245" ind1=" " ind2=" ">
    <subfield code="a">Estimaci&#xF3;n de funciones de producci&#xF3;n para ma&#xED;z de temporal en el municipio de Papalotla, Edo. de M&#xE9;xico</subfield>
  </datafield>
  <datafield tag="260" ind1=" " ind2=" ">
    <subfield code="a">Chapingo, M&#xE9;x. :</subfield>
    <subfield code="b">El autor,</subfield>
    <subfield code="c">1987</subfield>
  </datafield>
  <datafield tag="300" ind1=" " ind2=" ">
    <subfield code="a">166 h.</subfield>
  </datafield>
  <datafield tag="500" ind1=" " ind2=" ">
    <subfield code="a">33-212</subfield>
  </datafield>
  <datafield tag="502" ind1=" " ind2=" ">
    <subfield code="a">Tesis (Ing. Agr&#xF3;nomo Esp. en Econom&#xED;a Agr&#xED;cola) -- UACH. Departamento de Econom&#xED;a Agr&#xED;cola</subfield>
  </datafield>
  <datafield tag="520" ind1=" " ind2=" ">
    <subfield code="a">El presente trabajo se encuentra enmarcado dentro de la problem&#xE1;tica de la producci&#xF3;n de granos b&#xE1;sicos. En los &#xFA;ltimos a&#xF1;os, la producci&#xF3;n de ma&#xED;z ha sido incapaz de satisfacer la creciente demanda, debido a que forma parte de la dieta b&#xE1;sica del mexicano. Esta situaci&#xF3;n hace necesario el estudio de los factores que inter vienen en su producci&#xF3;n, tendiente a lograr una mayor oferta del -. producto. El presente estudio analiza el proceso productivo para la obtenci&#xF3;n de ma&#xED;z de grano a trav&#xE9;s de la definici&#xF3;n de funciones de producci&#xF3;n en un &#xE1;rea geogr&#xE1;fica donde las condiciones naturales son homog&#xE9;neas, lo cual permite externar recomendaciones tendientes a la mejora de dicho proceso para la obtenci&#xF3;n de mayores rendimientos. del cultivo. Para la obtenci&#xF3;n de los datos se utiliz&#xF3; un cuestionario el cual - se aplic&#xF3; en la regi&#xF3;n de estudio para el ciclo agr&#xED;cola primavera verano de 1986. En el an&#xE1;lisis de los datos se recorri&#xF3; al procedimiento de regresi&#xF3;n por pasos (STEPWISE) as&#xED; como el procedimiento general de modelos lineales (GLM), ambos contenidos en el paquete estad&#xED;stico SAS (Sistema de An&#xE1;lisis Estad&#xED;stico), versi&#xF3;n 87.4 implementando en el Centro de Estad&#xED;stica y C&#xE1;lculo del Colegio de Postgraduados, Chapingo. De esta forma, bajo dos modelos estad&#xED;sticos diferentes, se analizaron los diversos factores que intervienen en la producci&#xF3;n relacionados con el rendimiento; para poder generar recomendaciones que contribuyan a mejorar los niveles de producci&#xF3;n.</subfield>
  </datafield>
  <datafield tag="590" ind1=" " ind2=" ">
    <subfield code="a">ALEPH</subfield>
    <subfield code="b">10</subfield>
    <subfield code="c">20130110</subfield>
  </datafield>
  <datafield tag="590" ind1=" " ind2=" ">
    <subfield code="a">BATCH-UPD</subfield>
    <subfield code="b">10</subfield>
    <subfield code="c">20130110</subfield>
  </datafield>
  <datafield tag="590" ind1=" " ind2=" ">
    <subfield code="a">BATCH-UPD</subfield>
    <subfield code="b">10</subfield>
    <subfield code="c">20130410</subfield>
  </datafield>
  <datafield tag="590" ind1=" " ind2=" ">
    <subfield code="a">BATCH-UPD</subfield>
    <subfield code="b">10</subfield>
    <subfield code="c">20130914</subfield>
  </datafield>
  <datafield tag="590" ind1=" " ind2=" ">
    <subfield code="a">CONVERSION</subfield>
    <subfield code="b">10</subfield>
    <subfield code="c">20130109</subfield>
  </datafield>
  <datafield tag="650" ind1="1" ind2="4">
    <subfield code="a">Ma&#xED;z</subfield>
    <subfield code="x">Rendimiento.</subfield>
  </datafield>
  <datafield tag="650" ind1="1" ind2="4">
    <subfield code="a">Ma&#xED;z</subfield>
    <subfield code="z">M&#xE9;xico (Edo.).</subfield>
  </datafield>
  <datafield tag="710" ind1="0" ind2=" ">
    <subfield code="a">UACH. Departamento de Econom&#xED;a Agr&#xED;cola.</subfield>
    <subfield code="9">115862</subfield>
  </datafield>
  <datafield tag="856" ind1="4" ind2="2">
    <subfield code="u">http://10.13.5.2/tesis/79762.pdf</subfield>
    <subfield code="y">DESCARGAR PDF</subfield>
  </datafield>
  <datafield tag="901" ind1=" " ind2=" ">
    <subfield code="a">BK</subfield>
  </datafield>
  <datafield tag="942" ind1=" " ind2=" ">
    <subfield code="c">TESIS</subfield>
    <subfield code="2">ddc</subfield>
  </datafield>
  <datafield tag="949" ind1=" " ind2=" ">
    <subfield code="b">BC</subfield>
    <subfield code="c">TES</subfield>
    <subfield code="d">-32651</subfield>
    <subfield code="e">TS1</subfield>
    <subfield code="h">21484</subfield>
    <subfield code="i">79762</subfield>
    <subfield code="s">i</subfield>
  </datafield>
  <datafield tag="999" ind1=" " ind2=" ">
    <subfield code="c">69309</subfield>
    <subfield code="d">69309</subfield>
  </datafield>
  <datafield tag="952" ind1=" " ind2=" ">
    <subfield code="0">0</subfield>
    <subfield code="1">0</subfield>
    <subfield code="2">local</subfield>
    <subfield code="4">0</subfield>
    <subfield code="5">4</subfield>
    <subfield code="7">0</subfield>
    <subfield code="8">TESIS</subfield>
    <subfield code="a">BC</subfield>
    <subfield code="b">BC</subfield>
    <subfield code="c">PA_TESIS</subfield>
    <subfield code="d">2019-12-31</subfield>
    <subfield code="f">TESIS</subfield>
    <subfield code="l">2</subfield>
    <subfield code="o">Tesis</subfield>
    <subfield code="p">-32651</subfield>
    <subfield code="r">2025-02-21 11:39:37</subfield>
    <subfield code="s">2025-02-21</subfield>
    <subfield code="w">2019-12-31</subfield>
    <subfield code="y">TESIS</subfield>
  </datafield>
  <datafield tag="952" ind1=" " ind2=" ">
    <subfield code="0">0</subfield>
    <subfield code="1">0</subfield>
    <subfield code="2">local</subfield>
    <subfield code="4">0</subfield>
    <subfield code="5">1</subfield>
    <subfield code="7">0</subfield>
    <subfield code="8">TesDigL</subfield>
    <subfield code="a">BD</subfield>
    <subfield code="b">BD</subfield>
    <subfield code="c">E_L</subfield>
    <subfield code="d">2025-06-20</subfield>
    <subfield code="l">0</subfield>
    <subfield code="o">Tesis digital</subfield>
    <subfield code="r">2025-06-20 10:03:59</subfield>
    <subfield code="w">2025-06-20</subfield>
    <subfield code="y">TD</subfield>
  </datafield>
</record>
